Quai-i-Azam Ke 72 Saal (1876-1948) (Record no. 12802)
[ view plain ]
| 000 -LEADER | |
|---|---|
| fixed length control field | 00215nam a22000977a 4500 |
| 020 ## - INTERNATIONAL STANDARD BOOK NUMBER | |
| ISBN | 978-969-914-651-0 |
| 082 ## - DEWEY DECIMAL CLASSIFICATION NUMBER | |
| Classification number | 9625 |
| 100 ## - MAIN ENTRY--AUTHOR NAME | |
| Personal name | Khuwaja Razi Hyder |
| 245 ## - TITLE STATEMENT | |
| Title | Quai-i-Azam Ke 72 Saal (1876-1948) |
| 942 ## - ADDED ENTRY ELEMENTS (KOHA) | |
| Koha item type | Books |
| Withdrawn status | Lost status | Collection code | Permanent Location | Current Location | Shelving location | Date acquired | Full call number | Accession Number | Koha item type |
|---|---|---|---|---|---|---|---|---|---|
| | | Jinnah Corner | MAJU | MAJU | | 2020-12-05 | 324.22 | 9625 | Jinnah Corner |